00421nam a2200181Ia 4500003000400000005001700004008004100021020001800062040000700080041000800087082001700095100003400112245001200146250000600158260004700164300001500211365001300226OSt20230506111306.0210423s2012 xx 000 0 und d a9788131718070 cAL aeng a535 HECE223 aHECHT (Eugene);GANESAN (A R). aOptics. a4 aNew DelhibPearson Education Pvt Ltdc2012 avi,650bPB b665cINR